|
|
|
|
| LEADER |
01954nam a2200469 a 4500 |
| 001 |
nkc20081786427 |
| 003 |
CZ PrNK |
| 005 |
20080404144129.0 |
| 007 |
ta |
| 008 |
080110s2007 xr a f 100 0 cze |
| 015 |
|
|
|a cnb001786427
|
| 020 |
|
|
|a 978-80-248-1684-5
|q (kroužková vazba) :
|c neprodejné
|
| 035 |
|
|
|a (OCoLC)228605611
|
| 040 |
|
|
|a BOA001
|b cze
|d ABA001
|
| 041 |
0 |
|
|a cze
|a pol
|a slo
|b eng
|
| 072 |
|
7 |
|a 669
|x Metalurgie
|2 Konspekt
|9 19
|
| 080 |
|
|
|a 669.1
|2 MRF
|
| 080 |
|
|
|a 622.785/.788
|2 MRF
|
| 080 |
|
|
|a (062.534)
|2 MRF
|
| 111 |
2 |
|
|a Aglomerace železných rud (konference)
|d (2007 :
|c Ostrava, Česko)
|7 mzk2008412413
|
| 245 |
1 |
0 |
|a Sborník z mezinárodního semináře Aglomerace železných rud :
|b VŠB-TU Ostrava, 30.5.2007
|
| 246 |
3 |
0 |
|a Aglomerace železných rud
|
| 250 |
|
|
|a 1. vyd.
|
| 260 |
|
|
|a Ostrava :
|b VŠB - Technická univerzita Ostrava,
|c 2007
|
| 300 |
|
|
|a 83 s. :
|b il. ;
|c 30 cm
|
| 500 |
|
|
|a Nad názvem: Vysoká škola báňská - Technická univerzita Ostrava, Fakulta metalurgie a materiálového inženýrství, katedra metalurgie - Ústav železářství a koksárenství
|
| 500 |
|
|
|a 30 výt.
|
| 504 |
|
|
|a Obsahuje bibliografie
|
| 546 |
|
|
|a Část. polský a slovenský text, anglická resumé
|
| 650 |
0 |
7 |
|a metalurgie železa
|7 ph198775
|2 czenas
|
| 650 |
0 |
7 |
|a aglomerace rud
|7 ph388508
|2 czenas
|
| 650 |
0 |
9 |
|a iron metallurgy
|2 eczenas
|
| 650 |
0 |
9 |
|a sintering
|2 eczenas
|
| 655 |
|
7 |
|a sborníky konferencí
|7 fd133333
|2 czenas
|
| 655 |
|
9 |
|a proceedings of conferences
|2 eczenas
|
| 710 |
2 |
|
|a Vysoká škola báňská - Technická univerzita Ostrava.
|b Katedra metalurgie.
|b Ústav železářství a koksárenství
|7 kn20050801004
|
| 910 |
2 |
|
|a BOA001
|b 4-1197.415
|
| 928 |
9 |
|
|a Vysoká škola báňská - Technická univerzita Ostrava
|
| 990 |
|
|
|a BK
|
| 995 |
|
|
|a 01
|
| 991 |
|
|
|b 200801
|c NOV
|
| 996 |
6 |
|
|b 2610330064
|c 4-1197.415
|l MZK
|r Sklad / do 1 hodiny
|n 1
|p p.v.
|w 000881665
|u 000010
|a 1
|e BOA001
|j MZK50
|s P
|